Quizzes
Events
Quiz Creation
Community
Videos
Private Events
Remove Ads
Sign In
Join for FREE
Feedback
Dark Mode
Quiz Categories
Sports
Geography
Music
Movies
Television
Just For Fun
Miscellaneous
History
Literature
Language
Science
Gaming
Entertainment
Religion
Holiday
For Kids
Quiz Lab
Recent
Popular Today
Quiz Kudos Today
Editor Picks
Curator Picks
Quizzes by...
Day
Popularity
Type
Ratings
Length
Year
Community
Subscriptions
Recent Discussions
Orange Saloon
Badges
Playlists
Quests
Create
Leaderboards
Showdown
Live 5
Trivia Bingo
Activity
Puzzle Library
Sporcle Events
Private Events
Virtual Trivia
Globe League
Become a Host
Pub Owners
SporcleCon
Opinionation
Our Games
Videos
Blog
Mobile Apps
Partnerships
Remove Ads and Go Orange
Feedback
Sports
Athletes
MLB
NBA
NHL
NFL
Soccer
Sports Teams
WWE
NCAA
Football
Premier League
Basketball
Baseball
Hockey
Golf
Tennis
Cricket
Rugby
Auto Racing
Olympics
World Cup
Sports
Athletes
MLB
NBA
NHL
NFL
Soccer
Sports Teams
WWE
NCAA
Football
Premier League
Basketball
Baseball
Hockey
Golf
Tennis
Cricket
Rugby
Auto Racing
Olympics
World Cup
Random Quiz
Search Sporcle
×
Quiz Lab
Quiz Lab
Sports
NBA
Type in answers that appear in a list
Type in answers that appear in a list
Classic
Best Score? Go Orange.
NBA Top 5 Scorers by Draft Pick Stats
Can you name the Top 5 scorers for each of the first 30 NBA draft picks?
By
jrg09
20m
170 Questions
259 Plays
259 Plays
259 Plays
Comments
Comments
Give Quiz Kudos
Give Quiz Kudos
-
- Ratings
hide this ad
More Info
Replay
Link that replays current quiz
Next Quiz
Link to next quiz in quiz playlist
You Got
0%
They Got
Avg Score
45%
Avg Friend Score
Upgrade to see
Score Distribution
Jump to the score distribution portion of the page
Score
0/170
Timer
20:00
0
Plays Today
Pick
Player
% Correct
3
Michael Jordan
95%
1
Kareem Abdul-Jabbar
93.4%
1
Shaquille O'Neal
90.7%
17
Jermaine O'Neal
89.9%
1
Hakeem Olajuwon
88%
13
Karl Malone
86%
13
Kobe Bryant
86%
10
Jeff Malone
85.7%
2
Jerry West
84.1%
7
Kevin Johnson
84.1%
29
Eddie Johnson
84.1%
29
Dennis Johnson
84.1%
30
Mark West
84.1%
30
Ollie Johnson
84.1%
Undrafted
Avery Johnson
84.1%
Territorial
Wilt Chamberlain
84.1%
6
Larry Bird
79.5%
10
Paul Pierce
79.5%
9
Dirk Nowitzki
79.1%
18
Ricky Pierce
78.7%
5
Charles Barkley
77.5%
5
Vince Carter
75.6%
2
Isiah Thomas
74.8%
5
Kevin Garnett
74.8%
16
John Stockton
73.6%
31-
60
Clifford Robinson
73.6%
22
Truck Robinson
73.3%
5
Ray Allen
72.9%
2
Gary Payton
72.5%
3
Kevin McHale
72.5%
7
John Havlicek
72.5%
1
Oscar Robertson
72.1%
11
Reggie Miller
72.1%
Undrafted
Brad Miller
72.1%
1
Elvin Hayes
70.9%
10
Eddie Jones
69.4%
15
Steve Nash
69.4%
3
Dominique Wilkins
69%
9
Tracy McGrady
67.8%
14
Clyde Drexler
67.8%
28
Tony Parker
67.8%
3
Bob Cousy
67.4%
8
Robert Parish
66.7%
2
Bob Pettit
65.5%
29
Phil Smith
65.1%
After 60
Randy Smith
65.1%
25
Gerald Wallace
64.3%
12
Julius Erving
62.8%
3
Buck Williams
62%
14
Herb Williams
62%
20
Gus Williams
62%
4
Antwan Jamison
61.6%
18
Joe Dumars
61.6%
23
Alex English
61.2%
18
Mark Jackson
60.9%
21
Ricky Davis
60.9%
31-
60
George Gervin
60.9%
Pick
Player
% Correct
22
Johnny Davis
60.5%
6
Adrian Dantley
58.5%
14
Tim Hardaway
57.4%
15
Brent Barry
57%
6
Antoine Walker
55%
12
Chet Walker
55%
17
Shawn Kemp
55%
7
Chris Mullin
54.7%
7
Bernard King
54.3%
27
Fred Roberts
54.3%
4
Stephon Marbury
53.5%
4
Glen Rice
52.3%
4
Dolph Schayes
51.2%
5
Mitch Richmond
51.2%
9
Dale Ellis
49.6%
24
Latrell Sprewell
48.1%
10
Jason Terry
47.7%
7
Richard Hamilton
47.3%
23
A.C. Green
46.9%
27
Dennis Rodman
46.5%
25
Mark Price
46.1%
30
Gilbert Arenas
46.1%
8
Detlef Schrempf
45.7%
19
Nate Archibald
45.3%
26
Vlade Divac
45.3%
8
Tom Chambers
45%
31-
60
Jeff Hornacek
45%
13
Jalen Rose
43.4%
15
Dell Curry
43.4%
21
Michael Finley
43.4%
23
World B. Free
43.4%
After 60
Bill Laimbeer
43%
14
Peja Stojakovic
42.6%
27
Ron Anderson
42.6%
13
Hal Greer
42.2%
Territorial
Jerry Lucas
41.9%
14
Maurice Lucas
41.5%
24
Terry Porter
41.5%
6
Lenny Wilkens
40.7%
11
Kevin Willis
40.7%
11
Derek Harper
40.3%
Territorial
Paul Arizin
40.3%
24
Sam Cassell
39.1%
11
Kiki Vandeweghe
38.8%
6
Hersey Hawkins
36%
Territorial
Gail Goodrich
35.7%
9
Rolando Blackman
35.3%
26
Kevin Martin
34.5%
After 60
Dan Issel
34.5%
2
Terry Cummings
34.1%
18
Calvin Murphy
34.1%
19
Zach Randolph
33.3%
9
Reggie Theus
32.2%
Undrafted
John Starks
31.8%
16
Ron Artest
31%
8
Jack Sikma
30.6%
24
Derek Fisher
30.2%
Pick
Player
% Correct
After 60
Artis Gilmore
30.2%
4
Lou Hudson
29.1%
20
Larry Nance
29.1%
20
Zydrunas Ilgauskas
28.7%
23
Tayshaun Prince
27.9%
Territorial
Dave DeBusschere
27.5%
Undrafted
Darrell Armstrong
26.7%
30
David Lee
26.4%
8
Jack Twyman
26%
30
Spencer Haywood
25.2%
31-
60
Bob Dandridge
25.2%
17
Don Nelson
24.8%
19
Rod Strickland
24.4%
20
Tony Campbell
24%
27
Elden Campbell
24%
29
John Long
23.3%
11
Jamaal Wilkes
22.9%
28
Lucious Harris
22.9%
19
Jerry Sloan
22.5%
12
Jim Paxson
22.1%
13
Corey Maggette
22.1%
25
John Drew
22.1%
15
Mike Mitchell
21.7%
16
Hedo Turkoglu
21.3%
22
Norm Nixon
21.3%
12
Mookie Blaylock
20.9%
10
Dick Van Arsdale
20.5%
12
Kelly Tripucka
19%
17
Richie Guerin
18.6%
31-
60
James Edwards
17.4%
25
Al Harrington
16.7%
17
Doug Christie
15.5%
21
Billy Knight
14.3%
21
Morris Peterson
13.6%
22
George McGinnis
13.2%
Undrafted
David Wesley
12.8%
24
Mike Newlin
10.9%
16
Dana Barros
10.5%
29
Johnny Newman
10.1%
26
Charlie Ward
9.7%
28
Dan Roundfield
8.9%
28
Leandro Barbosa
8.9%
28
Sherman Douglas
8.5%
18
Vern Fleming
7.8%
20
Paul Pressey
7.8%
15
Anthony Peeler
7.4%
26
John Salmons
7%
26
Samuel Dalembert
6.6%
19
Ken Norman
5.4%
16
Ricky Sobers
3.9%
21
Don Kojis
3.5%
23
Terry Tyler
3.5%
25
Lonnie Shelton
3.5%
After 60
Kevin Loughery
3.5%
22
Wayne Embry
2.7%
27
John Block
1.2%
Quiz Playlist
Details
Report
Send in Message
Add To Playlist
More Info:
Not all pick numbers are recorded before 1960, so some players from the early years may be left out.
Classic:
Type in answers that appear in a list
Quiz Source
Last Updated: Feb 16, 2017
Quiz Scoreboard
CHALLENGE
Sign Up to Join the Scoreboard
Show All
Scores
Hide
Comments
May contain spoilers
Recently Published
College Basketball Coaching Resumes
by pancakes188
Sports
9m
Billboard Blitz: Fleetwood Mac
by CooCooCachoo
Music
15s
Presidents Visiting Landmarks
by Hejman
History
7m
More to Explore
Quiz From the Vault
Featured Blog Post
Where Did the Easter Bunny Come From?
hide this ad
You Might Also Like...
Tags
Basketball Quiz
NBA Quiz
Draft
Draft Picks
Scorer
Scoring
Top 5
Today's Top Quizzes in Sports
Browse Sports
hide this ad
Today's Top Quizzes in NBA
Browse NBA
Top Contributed Quizzes in Sports
1
Les meilleurs buteurs des matchs entre le PSG et l’OM
2
2022 World Cup Stars
3
FIFA Club World Cup Champions
4
Les entraîneurs de l'OM et du PSG au 21e siècle
5
Criteria MLB: Left Handed Sluggers
6
AFC Teams Reveal (Wrong Answers Minefield)
7
5-to-1: UK Sports Teams
8
Name the Premier League winners with different clubs
9
5-to-1: FBS Animal Nicknames
10
Players with Multiple 50 Home Run Seasons
Explore More
Trending Topics
Crossword
NBA
Kpop
Disney
Anime
Harry Potter
Marvel
Pokémon
Soccer
Puzzle
NFL
The Office
Country
WWE
Song
hide this ad
More By:
jrg09
Quiz
Plays
Rating
Category
Featured
Created
NBA All-Time Starters (Since 1981-82)
12,544
4.37
Sports
May 25, 2011
NBA Scoring Leaders: 2000s
9,690
4.74
Sports
Jul 14, 2011
NBA Players who earned more than Jordan
7,827
4.49
Sports
Jun 17, 2011
NBA Top Scorers by Year
6,687
4.59
Sports
Mar 28, 2011
Country Artists With #1 Hits (1990s)
6,532
4.44
Music
Jan 31, 2011
Go to Creator's Profile
Score Distribution
Quiz Creator Spotlight
jrg09
Follow
Send a Message
Quizzes Created
-
Created Quiz Play Count
-
More By This Creator
Popular Quizzes Today
1
Find the US States - No Outlines Minefield
2
Find the Countries of Europe - No Outlines Minefield
3
The Countries of the World
4
Find the US States
5
Risky Map Clicking: Biggest States A-Z
6
US States
7
Popular People in 1961
8
Movies - When Are They Set?
More Sports Quizzes
World Cup Profile: Mexico
Quiz Lab
Trending Quizzes
Risky Map Clicking: Least Populous States A-Z
1-10 Letter G Words
1-10 Letter F Words
Risky Map Clicking: Next State Alphabetically
Click the Washington State Counties! (Map)
Recently Updated
Leaping Animals
pecheneg
Reality TV Shows (A-Z)
bhenderson79
Rickey Henderson's Hall of Fame Teammates
pecheneg
Champions League XIs: Arsenal
pecheneg
Quick Pick: Celebrities in WWE's Hall of Fame
aduchscher
A-Z Keypad Blitz II
pecheneg
Multiple Oscar Actors
pecheneg
Mystery Phrase Blitz: Oscar 'Best Actors'
pecheneg
F. Scott Fitzgerald Novels
LTH
Pick 3 Villains
ddd62291
Trending Topics
Marvel
Harry Potter
Anime
Crossword
Kpop
NBA
Disney
Pokémon
The Office
Country
WWE
NFL
Soccer
Puzzle
Song
Your Account Isn't Verified!
In order to create a playlist on Sporcle, you need to verify the email address you used during registration. Go to your
Sporcle Settings
to finish the process.
Report this User
Report this user for behavior that violates our
Community Guidelines
.
Details:
Send Report
Go to the Sporcle.com Mobile Site →
Comments